Harry Potter nach Bildern #3 - Statistiken

Allgemein
  • Dieses Quiz wurde 1.195 mal gespielt
  • Das Durchschnittsergebnis liegt bei 13 aus 16
Antwortstatistiken
Bildquiz Hint Antwort % Korrekt
Tierwesen Einhorn
96%
Tierwesen Eule/ Hedwig
96%
Objekt Stein der Weisen
93%
Ort Kammer des Schreckens
91%
Person Vernon Dursley
89%
Ort Große Halle
86%
Ort Quidditch-Spielfeld
84%
Ort Schulleiterbüro
83%
Objekt Hufflepuffs Trinkpokal
82%
Person Gregory Goyle
81%
Person Aberforth Dumbledore
80%
Tierwesen Niffler
73%
Objekt Feuerkelch
72%
Objekt Denkarium
70%
Person Colin Creevey
63%
Tierwesen Thestral
54%
Keine übereinstimmenden Quizze gefunden
Verteilung der Resultate
Anzahl Personen mit jedem Resultat
Perzentil nach korrekt beantworteten Fragen
Ihre Resultats-Entwicklung
Sie haben dieses Quiz noch nicht gespielt